Word Ladder: Southeast Asian Oasis Quiz Stats

Quiz Updated Jun 6, 2018

Challenge
Share
Tweet
Embed
Score 0/20 Timer 03:00
14 Plays Today
Clue 4-Letter Answer % Correct
'The Big ___ Theory'• BANG •
99.7%
Side of a riverBANK
98%
One who prepares a mealCOOK
97.7%
Far from the frontBACK
97.4%
Male chicken• COCK •
97.3%
Portion of Earth not covered by water• LAND •
95.4%
A bag - often made of burlapSACK
94.9%
StoryTALE
94.9%
The Beatles' 'Penny ___'LANE
94.7%
Time for a bargainSALE
94.2%
Clue 4-Letter Answer % Correct
Of sound mindSANE
94%
A type of puppet?SOCK
93.9%
Gaming piece in Scrabble • TILE •
93.8%
Of great statureTALL
93.5%
Liver fluidBILE
93.2%
Drawer for moneyTILL
92.2%
Young horseCOLT
87.3%
Foolish or crotchety personCOOT
85.6%
Nut's partnerBOLT
85.6%
The trunk of a treeBOLE
84.4%

Today's Daily Dose

You're not logged in!

Compare scores with friends on all Sporcle quizzes.
Join for Free
OR
Log In

You Might Also Like...

Show Comments

Extras

Top Quizzes Today


Score Distribution

Your Account Isn't Verified!

In order to create a playlist on Sporcle, you need to verify the email address you used during registration. Go to your Sporcle Settings to finish the process.

Report this User

Report this user for behavior that violates our Community Guidelines.

Details: